Statistiques concernant Facteurs de 500

Cliquez ici pour prendre le quiz!

Statistiques générales

  • Ce quiz a été pris 54 fois
  • Le résultat moyen est 12 sur 12

Statistiques - réponses

Réponse% Correct
1
100%
10
100%
2
100%
20
100%
4
100%
5
100%
100
98%
25
98%
250
98%
50
98%
125
94%
500
94%

Distribution des résultats

Percentile par nombre de réponses

% des personnes avec chaque résultat

Votre développement - résultats

Vous n’avez pas pris ce quiz